| 000 | 00428cac a22001451u 4500 | ||
|---|---|---|---|
| 008 | 090113t1998 -uk|||||r|||| 001 0 eng d | ||
| 020 | _a0273637533 | ||
| 082 | 0 | 0 |
_a657.42 _bMAB _222 |
| 245 | 1 | 0 |
_aActivity-based costing in financial instiutions/ _cJulie Mabberley. |
| 250 | _a2nd ed. | ||
| 260 |
_aLondon : _bPrentice Hall, _c1998. |
||
| 300 |
_a352 p. : _bill. ; _c24 cm. |
||
| 500 | _aIncludes index. | ||
| 942 |
_cBB _k657.42MAB _2ddc |
||
| 999 |
_c1101 _d1101 |
||